00914cam a22002651a 4500001001300000003000400013005001700017008004100034010001700075035002000092040006900112042001200181043001200193050002400205100002000229245009000249260009800339300002500437500001600462504002800478650003700506650004700543710004100590999001700631hew61000085 DLC20260227111511.0840319s1961 dcu b 000 0 eng c ahew61000085  a(OCoLC)10534604 aU.S. Dept. of Health, Education, and WelfarecNjdNjdOCoLCdDLC apremarc an-us---00aLAW 1 aMcGhehey, M. A.10aResearch and reporting activities in legal problems of education /cby M.A. McGhehey. aWashington, D.C. :bU.S. Dept. of Health, Education, and Welfare, Office of Education,c1961. avii, 21 p. ;c23 cm. a"OE-23011." aBibliography: p. 20-21. 0aEducational law and legislation. 0aEducational law and legislationxResearch.1 aUnited States.bOffice of Education. c34310d34310